Ultimate Car Brand Quiz A-Z - Statistics

General Stats
  • This quiz has been taken 16 times
    12 since last reset
  • The average score is 36 of 62
Answer Stats
Car Brands % Correct
Audi
100%
Ferrari
100%
Fiat
100%
Mercedes-Benz
100%
Nissan
100%
Porsche
100%
Volkswagen
100%
BMW
89%
Chevrolet
89%
Ford
89%
Honda
89%
Hyundai
89%
Jaguar
89%
Kia
89%
Peugeot
89%
Renault
89%
Tesla
89%
Toyota
89%
Alfa Romeo
78%
Lamborghini
78%
Mini
78%
Rolls-Royce
78%
Bentley
67%
Citroen
67%
Jeep
67%
Skoda
67%
Volvo
67%
Acura
56%
Aston Martin
56%
Buick
56%
Chrysler
56%
Dacia
56%
GMC
56%
Lexus
56%
Lincoln
56%
Maserati
56%
Saab
56%
Subaru
56%
Cadillac
44%
Infiniti
44%
Land Rover
44%
Mazda
44%
Mitsubishi
44%
Opel
44%
Pontiac
44%
Seat
44%
Suzuki
44%
Bugatti
33%
Daewoo
33%
Dodge
33%
Genesis
33%
Vauxhall
33%
BYD
22%
Koenigsegg
22%
Lotus
22%
MacLaren
22%
Pagani
11%
Polestar
11%
Tata
11%
Ram
0%
Wuling
0%
Zenvo
0%
No matching quizzes found
Score Distribution
Percent of People with Each Score
Percentile by Number Answered
Your Score History
You have not taken this quiz since the last reset